00845cam a22002411 4500001001300000003000400013005001700017008004100034010001700075035001900092040004500111042001200156050002500168100002100193245013700214260004800351300002900399410005500428504002800483650003700511650003800548999001700586l 55000269 DLC20260227111544.0810126s1955 dcua b f000 0 eng c al 55000269  a(OCoLC)7084328 aU.S. Dept. of Labor LibrarycViBlbVdDLC apremarc00aHD6093b.A35 no. 2581 aInke, Lillian V.10aEmployment opportunities for women in professional accounting.c[Prepared by Lillian V. Inke with the assistance of Annie Lefkowitz] aWashington,bU.S. Govt. Print. Off.,c1955. av, 40 p.billus.c24 cm.10aUnited States.bWomen's Bureau.tBulletinvno. 258 aBibliography: p. 38-40. 0aAccountingxVocational guidance. 0aWomenxEmploymentzUnited States. c36898d36898